000 00991nam a2200289Ia 4500
003 OSt
005 20221005110410.0
006 a|||||r|||| 00| 0
007 ta
008 221004b |||||||| |||| 00| 0 hin d
020 _a8189859056 (hbk)
_cIndian Rupees 325
024 _a43853
037 _bGift, 29/05/2019,
_cTextual
040 _aCRL
_cCRL
_bhin
041 _2hin
_ahin
082 _aO152,6x, Q6
100 _aभगवान सिंह, ले.
245 0 _aभारत
_b तब से अब तक
246 _aBhārata: tab se ab taka
250 _aसंस्करण 5
260 _aनई दिल्ली
_bकिताबघर प्रकाशन भारत
_c2016
300 _a222पृ0
_ccm.
650 _a हिन्दी साहित्य
650 _aहिन्दी निबंध
942 _hO152,6x, Q6
_cTEXL
_2cc
999 _c1018686
_d1018686